000 00553nam a2200145Ia 4500
008 100122s9999 xx 000 0 und d
082 _b57662
_a823.08
100 _aमडकईकर भालचंद्र
245 _aचंद्र चांदणं शिंपीत होता
260 _bकालिका प्रकाशन
_c1999
300 _a229
630 _aचंद्र चांदणं शिंपीत होता
730 _aचंद्र चांदणं शिंपीत होता
942 _cBOOK
999 _c433830
_d433827